000 01461nab a2200265 a 4500
003 DO-SdBNP
005 20260321073646.0
007 ta
008 250502e2009 dr m||p|r||||||0| z spa d
040 _aDO-SdBNP
_bspa
_cBNPHU
_erda
041 _hspa
100 1 _aMota García, Fausto,
_d1955-
_931957
_edirector
245 _aUna antorcha para honrar al maestro /
_cFausto Mota García.
264 _aSanto Domingo, República Dominicana :
_bInstituto Nacional de Formación y Capacitación del Magisterio, (INAFOCAM),
_c2009.
300 _apágina, 3.
310 _aMensual.
336 _atexto
_btxt
_2rdacontent
337 _asin mediación
_bn
_2rdamedia
338 _avolumen
_bnc
_2rdacarrier
362 _aAño 1, No. 1, junio-julio 2009.
520 _aUna antorcha es una tea para alumbrar, que sirve de guía... como la antorcha olímpica que nació en Grecia, como la antorcha de la sabiduría levantada por el apóstol cubano José Martí, de la que dijo que "cada hombre debía serlo para los demás: antorcha que arda en el apasionamiento por un ideal; antorcha guía que encamine a los pueblos hacia rutas de bienestar común, antorcha que sirva, a su vez, para encender otros fuegos, inmortalizándose en generaciones de flamas".
600 1 0 _a Bosch, Juan,
_d1909-2001
_vPublicaciones periódicas
_xMaestro
_zRepública Dominicana
_976555
773 0 _058880
_9323553
_o2025-3870
_tAntorcha educativa /
_w(DR-UNIBE)49574
942 _2ddc
_cISSUE
999 _c58920
_d58920